[Event "Krefeld op"]
[Site "Krefeld"]
[Date "2023.08.03"]
[Round "3"]
[White "Kasprowski, Henryk"]
[Black "Lu, Yunong Elias"]
[Result "1-0"]
[WhiteElo "1742"]
[BlackElo "1781"]
[PlyCount "79"]
[EventDate "2023.08.02"]
[EventType "swiss"]
[EventRounds "9"]
[EventCountry "GER"]
[SourceTitle "CBM 215 Extra"]
[Source "ChessBase"]
[SourceDate "2023.09.30"]
[SourceVersion "1"]
[SourceVersionDate "2023.09.30"]
[SourceQuality "1"]

1. d4 d5 2. c4 c6 3. Nc3 Nf6 4. Nf3 e6 5. Bg5 Be7 6. e3 0-0 7. Bd3 h6 8. Bf4 Nbd7 9. 0-0 dxc4 10. Bxc4 b5 11. Bd3 Bb7 12. Rc1 a6 13. Ne4 Nxe4 14. Bxe4 Qb6 15. Ne5 Nxe5 16. Bxe5 f5 17. Bf3 Bf6 18. Qb3 Kf7 19. Bg3 Rfe8 20. Rc5 Kg6 21. Rfc1 Rac8 22. Be5 Bxe5 23. Rxe5 Kf6 24. Rcc5 Qd8 25. Qc3 Qd6 26. e4 g6 27. exf5 exf5 28. g4 fxg4 29. Bxg4 Rcd8 30. Rxe8 Rxe8 31. d5+ Qe5 32. Qxe5+ Rxe5 33. dxc6 Re1+ 34. Kg2 Ba8 35. Kh3 h5 36. Bd7 Re2 37. c7 Bb7 38. c8Q Bxc8 39. Rxc8 Rxf2 40. Rf8+ 1-0

[Event "Gelsenkirchen Koenigsspringer op"]
[Site "Gelsenkirchen"]
[Date "2019.12.30"]
[Round "7"]
[White "Westendorp, Christian"]
[Black "Kasprowski, Henryk"]
[Result "1/2-1/2"]
[WhiteElo "1832"]
[BlackElo "1696"]
[PlyCount "80"]
[EventDate "2019.12.27"]
[EventType "swiss"]
[EventRounds "7"]
[EventCountry "GER"]
[SourceTitle "CBM 194 Extra"]
[Source "ChessBase"]
[SourceDate "2020.03.31"]
[SourceVersion "1"]
[SourceVersionDate "2020.03.31"]
[SourceQuality "1"]

1. d4 Nf6 2. c4 e6 3. Nf3 d5 4. Bg5 Nbd7 5. e3 Be7 6. Nc3 0-0 7. Bd3 b6 8. 0-0 Bb7 9. Rc1 Rc8 10. cxd5 exd5 11. Qe2 Ne4 12. Bxe7 Qxe7 13. Ba6 Nxc3 14. Rxc3 Bxa6 15. Qxa6 c5 16. Ra3 Rc7 17. Rc1 Rfc8 18. Rac3 Nf6 19. Ne5 Ne4 20. R3c2 h6 21. b3 Nd6 22. Qd3 cxd4 23. Nc6 Qd7 24. Nxd4 Rxc2 25. Rxc2 Rxc2 26. Qxc2 Qc8 27. Qc6 Qxc6 28. Nxc6 Nc8 29. Kf1 f5 30. Ke2 Kf7 31. Kd3 Ke6 32. Kd4 Kd6 33. Ne5 Ne7 34. b4 a6 35. a3 Ng8 36. Ng6 Nf6 37. f3 Ne8 38. a4 Nc7 39. h3 Ne6+ 40. Kc3 Ng5 1/2-1/2

[Event "Gelsenkirchen Silvester op 5th"]
[Site "Gelsenkirchen"]
[Date "2017.12.27"]
[Round "1"]
[White "Bretz, Christoph"]
[Black "Kasprowski, Henryk"]
[Result "1/2-1/2"]
[WhiteElo "1697"]
[BlackElo "1427"]
[PlyCount "65"]
[EventDate "2017.12.27"]
[EventType "swiss"]
[EventRounds "5"]
[EventCountry "GER"]
[SourceTitle "CBM 182 Extra"]
[Source "ChessBase"]
[SourceDate "2018.02.23"]
[SourceVersion "1"]
[SourceVersionDate "2018.02.23"]
[SourceQuality "1"]

1. e4 c5 2. Nf3 e6 3. d4 cxd4 4. Nxd4 a6 5. c3 Qc7 6. Bd3 Nf6 7. Be3 d6 8. 0-0 Nbd7 9. Nb3 Be7 10. f4 0-0 11. h3 b5 12. N1d2 Bb7 13. Qe2 Rac8 14. Rae1 Rfe8 15. Bf2 d5 16. e5 Ne4 17. Nxe4 dxe4 18. Bxe4 Red8 19. Rd1 Nb6 20. Bxb7 Qxb7 21. Rxd8+ Rxd8 22. Rd1 Nd5 23. Nc5 Qc6 24. Nd3 Qc4 25. Nc1 Qxf4 26. Nb3 Qg5 27. Qe4 h6 28. Kh2 Rc8 29. Rd4 Bd8 30. Bh4 Qxh4 31. Qxh4 Bxh4 32. Rxh4 Kh7 33. Rd4 1/2-1/2

[Event "Gelsenkirchen Silvester op 5th"]
[Site "Gelsenkirchen"]
[Date "2017.12.27"]
[Round "2"]
[White "Kasprowski, Henryk"]
[Black "Schaeufele, Joerg"]
[Result "1-0"]
[WhiteElo "1427"]
[BlackElo "1701"]
[PlyCount "79"]
[EventDate "2017.12.27"]
[EventType "swiss"]
[EventRounds "5"]
[EventCountry "GER"]
[SourceTitle "CBM 182 Extra"]
[Source "ChessBase"]
[SourceDate "2018.02.23"]
[SourceVersion "1"]
[SourceVersionDate "2018.02.23"]
[SourceQuality "1"]

1. d4 d5 2. c4 e5 3. Nc3 dxc4 4. dxe5 Qxd1+ 5. Nxd1 Nc6 6. Nf3 Nb4 7. Ne3 Bc5 8. a3 Bxe3 9. axb4 Bb6 10. e3 Be6 11. Ng5 Ne7 12. Nxe6 fxe6 13. Bd2 Nc6 14. Bc3 Kf7 15. Bxc4 Rhd8 16. Ke2 a5 17. b5 Nb4 18. e4 Nc2 19. Rad1 Nd4+ 20. Kf1 Rd7 21. g3 Rad8 22. Kg2 Nc2 23. Rxd7+ Rxd7 24. Rc1 Nb4 25. f4 Nd3 26. Rc2 Nc5 27. Kf3 Na4 28. f5 Ke7 29. Bxe6 Rd3+ 30. Kg4 Nc5 31. Bd5 Kd7 32. Rd2 Rxd2 33. Bxd2 c6 34. e6+ Kd6 35. Bf4+ Ke7 36. bxc6 bxc6 37. Bxc6 Nd3 38. Bg5+ Kd6 39. e7 Ne5+ 40. Kh3 1-0

[Event "Gelsenkirchen Silvester op 4th"]
[Site "Gelsenkirchen"]
[Date "2016.12.29"]
[Round "5"]
[White "Kasprowski, Henryk"]
[Black "Grunwald, Guenther"]
[Result "1/2-1/2"]
[WhiteElo "1343"]
[BlackElo "1657"]
[PlyCount "84"]
[EventDate "2016.12.27"]
[EventType "swiss"]
[EventRounds "5"]
[EventCountry "GER"]
[SourceTitle "EXT 2019"]
[Source "ChessBase"]
[SourceDate "2018.10.10"]
[SourceVersion "1"]
[SourceVersionDate "2018.10.10"]
[SourceQuality "1"]

1. d4 d5 2. c4 dxc4 3. Nf3 Nf6 4. e3 e6 5. Bxc4 Be7 6. 0-0 0-0 7. Qe2 c6 8. a4 b6 9. Rd1 a5 10. Nc3 Ba6 11. b3 Bb4 12. Bb2 Nd5 13. Nxd5 cxd5 14. Bxa6 Nxa6 15. Rac1 Be7 16. Ne5 Nb4 17. Nc6 Nxc6 18. Rxc6 Rb8 19. Rdc1 Bb4 20. Qb5 Bd6 21. f3 Re8 22. R1c2 h6 23. Bc3 Re7 24. Be1 Reb7 25. Bf2 Kh8 26. e4 dxe4 27. fxe4 Be7 28. R2c4 Bd6 29. d5 exd5 30. Qxd5 Rd7 31. Qf5 Bc5 32. Bxc5 Rd1+ 33. Kf2 Qh4+ 34. Ke3 Re1+ 35. Kd2 Rd8+ 36. Rd6 Ra1 37. Rxd8+ Qxd8+ 38. Rd4 Qh4 39. Qc8+ Kh7 40. Qf5+ Kg8 41. Qc8+ Kh7 42. Qf5+ Kg8 1/2-1/2